Regions of İtaly Quiz - Statistics

General Stats
  • This quiz has been taken 42 times
  • The average score is 14 of 20
Answer Stats
Region % Correct
Sicily
92%
Tuscany
92%
Sardinia
88%
Calabria
76%
Lazio
76%
Veneto
76%
Lombardy
72%
Piedmont
72%
Campania
68%
Emilia-Romagna
68%
Umbria
68%
Abruzzo
64%
Apulia
64%
Aosta Valley
60%
Liguria
60%
Marche
56%
Trentino-South Tyrol
56%
Friuli-Venezia Giulia
52%
Basilicata
48%
Molise
44%
No matching quizzes found
Score Distribution
Percent of People with Each Score
Percentile by Number Answered
Your Score History
You have not taken this quiz